| 000 | 00609nam a2200217 a 4500 | ||
|---|---|---|---|
| 005 | 20210223123413.0 | ||
| 008 | 991125s1980 mx 000 0 spa u | ||
| 020 | _a9681603311 | ||
| 035 | _aUPN01000052805 | ||
| 049 | _aCG | ||
| 050 | 4 | _aPQ7100 S36 | |
| 245 | 0 | 0 | _aSavia moderna. -- t.1, no.1-5 |
| 260 |
_aMéxico : _bFCE, _c1980 |
||
| 300 |
_a679 p. : _bil |
||
| 440 | 0 | _aRevistas literarias mexicanas modernas | |
| 500 | _aFacsim. México : Guillén, 1906 | ||
| 500 | _aCon : Nosotros | ||
| 650 | 4 |
_aLITERATURA MEXICANA - _vPUBLICACIONES PERIODICAS _920924 |
|
| 904 |
_aAC _b052807 |
||
| 905 | _aLibro | ||
| 999 |
_c52805 _d52805 |
||